Statistics for Madonna lyrics

Click here to take the quiz!

General Stats

  • This quiz has been taken 81 times
    (80 since last reset)
  • The average score is 9 of 15

Answer Stats

HintAnswer% Correct
You only see what your eyes want to see,how can life be what you want it to beFrozen
92%
All you need is your own imagination So use it that's what it's forVogue
77%
Freedom comes when you learn to let go, creation comes when you learn to say noThe power of goodbye
75%
Poor is the man whose pleasures depend on the permission of anotherJustify my love
70%
I'm not your bitch don't hang your shit on meHuman nature
69%
I drive my Mini Cooper and I'm feeling super-dooperAmerican life
66%
Words are useless, especically sentencesBedtime story
66%
If you don't like my attitude then you can F offI love New York
64%
If I'm smart then I'll run away But I'm not so I guess I'll stayBeautiful stranger
61%
Nothing takes the past away like the futureNothing really matters
61%
No one's telling you how to live your life But it's a setup until you're fed upNobody knows me
57%
One is such a lonely numberOpen your heart
54%
I like to singy singy singy Like a bird on a wingy wingy wingy.Impressive instant
52%
Woke up this morning feeling good that you were goneUnapologetic Bitch
49%
Life has taught me that love with a man like you is only gonna make me blueWaiting
23%

Score Distribution

Percentile by Number Answered

Percent of People with Each Score

Your Score History

You have not taken this quiz since the last reset